|
|
|
|
| LEADER |
00000nab a2200000u 4500 |
| 001 |
vtls012057411 |
| 003 |
SK-MaSNL |
| 005 |
20260304175737.0 |
| 008 |
210607|2021 xo ||||||| ||00 ||slo| |
| 038 |
|
|
|a KEVKJB
|
| 040 |
|
|
|a KEVKJB
|b slo
|e rda
|
| 041 |
0 |
|
|a slo
|
| 043 |
|
|
|a e-xo---
|
| 044 |
|
|
|a xo
|c SK
|
| 072 |
|
7 |
|a 796
|x Šport. Hry. Telesné cvičenia
|2 konspekt
|
| 080 |
|
|
|a 796/799
|2 2011
|
| 100 |
1 |
|
|a Mezencev, Vladimír,
|d 1944-
|4 aut
|9 234134
|
| 245 |
1 |
0 |
|a Organizovaný futbal sa vo Vyšnom Opátskom zrodil skôr ako v Trnave, na zápasy do Košíc chodili na vozoch, bicykloch aj peši
|b športové dejiny mestskej časti sú bohaté, hrával sa tam dokonca aj ženský futbal a kvalitný hokej
|c Vladimír Mezencev
|
| 300 |
|
|
|b Fotografie
|
| 336 |
|
|
|a text
|b txt
|2 rdacontent
|
| 337 |
|
|
|a bez média
|b n
|2 rdamedia
|
| 338 |
|
|
|a zväzok
|b nc
|2 rdacarrier
|
| 610 |
2 |
7 |
|a TJ Pokrok Vyšné Opátske
|2 kevkjb
|9 1088374
|
| 650 |
0 |
7 |
|a šport
|2 SNKPH
|9 1042
|
| 650 |
0 |
7 |
|a futbal
|2 SNKPH
|9 3291
|
| 650 |
0 |
7 |
|a regionálne dejiny
|2 SNKPH
|9 63645
|
| 650 |
0 |
7 |
|a dobové fotografie
|2 kevkjb
|9 873477
|
| 651 |
|
7 |
|a Košice (Slovensko)
|2 SNKPHgeo
|9 18694
|
| 651 |
|
7 |
|a Vyšné Opátske (Košice IV, Slovensko)
|2 SNKPHgeo
|9 29108
|
| 773 |
0 |
|
|t Košický večer
|g Roč. 54, č. 22 (2021), s. 12-13
|x 1336-5320
|
| 852 |
|
|
|a KEVKJB
|b KIS3GCP
|
| 856 |
4 |
1 |
|u https://kosice.korzar.sme.sk/c/22671936/na-zapasy-chodili-na-vozoch-aj-pesi-organizovany-futbal-vo-vysnom-opatskom-oslavuje-stovku.html
|
| 999 |
|
|
|c 3014990
|d 3016920
|